[Event "AUTO-ADV-4913"]
[Site "http://www.queenalice.com/game.php?id=1868159"]
[Date "2026.1.19"]
[Round "1"]
[White "Castling"]
[Black "Capixabba789"]
[Result "0-1"]
[WhiteElo "1718"]
[BlackElo "1853"]

1. e4 e5 2. Bc4 Nc6 3. a3 a6 4. Nf3 Be7 5. Nc3 Nf6 6. h3 d6 7. d3 Bd7 8. Be3 O-O
9. Qd2 Nd4 10. Nxd4 exd4 11. Bxd4 c5 12. Be3 b5 13. Bd5 Nxd5 14. Nxd5 f5 15.
Nxe7+ Qxe7 16. O-O-O Qf7 17. Kb1 f4 18. Bxf4 Qxf4 19. Qxf4 Rxf4 20. f3 a5 21.
Rde1 b4 22. Ka2 Be6+ 23. b3 a4 24. Rb1 axb3+ 25. cxb3 Rxa3+ 26. Kb2 Rxb3+ 27.
Kc2 Rc3+ 28. Kd2 Rf8 29. Ke3 Bc4 30. Rhd1 Ba2 31. Rb2 Ra3 32. Ra1 Be6 33. Rbb1
Rxa1 34. Rxa1 Rd8 35. Ra6 b3 36. e5 Rb8 37. Ra1 b2 38. Rb1 Ba2 39. Rxb2 Rxb2 40.
exd6 Be6 41. g4 Rh2 42. d4 c4 0-1

[Event "AUTO-ADV-4913"]
[Site "http://www.queenalice.com/game.php?id=1868174"]
[Date "2026.1.19"]
[Round "1"]
[White "ChessColossos"]
[Black "Castling"]
[Result "0-1"]
[WhiteElo "1738"]
[BlackElo "1734"]

1. e4 e5 2. Nf3 d6 3. d4 Bg4 4. Be2 h6 5. dxe5 Bxf3 6. Bxf3 Nc6 7. exd6 Bxd6 8.
O-O Ne5 9. Nc3 a6 10. a4 Nf6 11. Re1 Nxf3+ 12. Qxf3 Qe7 13. Bxh6 Rxh6 14. e5
Bxe5 15. Qxb7 Rd8 16. Qxa6 Bxh2+ 17. Kf1 Be5 18. Rxe5 Rh1+ 0-1

[Event "AUTO-ADV-4913"]
[Site "http://www.queenalice.com/game.php?id=1868184"]
[Date "2026.1.19"]
[Round "1"]
[White "Magnaroc"]
[Black "Castling"]
[Result "0-1"]
[WhiteElo "1691"]
[BlackElo "1758"]

1. e4 e5 2. Nf3 d6 3. d4 Bg4 4. Be2 h6 5. dxe5 Nc6 6. Bf4 Nxe5 7. Bxe5 Bxf3 8.
Bxf3 dxe5 9. O-O Bd6 10. Nc3 a6 11. Re1 Nf6 12. a4 Qe7 13. Nd5 Nxd5 14. Qxd5
O-O-O 15. Qb3 g6 16. Be2 Bb4 17. Red1 Rxd1+ 18. Rxd1 f5 19. exf5 gxf5 20. Bc4
Bd6 21. Be6+ Kb8 22. Bd5 c6 23. Bxc6 Ka7 24. Bd5 Rb8 25. f3 Bc5+ 26. Kf1 Qh4 27.
Rd2 Qxh2 0-1

[Event "AUTO-ADV-4913"]
[Site "http://www.queenalice.com/game.php?id=1868185"]
[Date "2026.1.19"]
[Round "1"]
[White "Castling"]
[Black "Magnaroc"]
[Result "1-0"]
[WhiteElo "1744"]
[BlackElo "1705"]

1. e4 e5 2. Bc4 Nf6 3. d3 d5 4. Bb5+ c6 5. Ba4 dxe4 6. Bg5 Be7 7. h3 exd3 8.
Qxd3 Qxd3 9. cxd3 O-O 10. Nf3 Nbd7 11. Nc3 Bb4 12. Bxf6 gxf6 13. Bc2 Nb6 14. a3
Bxc3+ 15. bxc3 Bf5 16. Nh4 Bg6 17. Nxg6 fxg6 18. O-O-O Nd5 19. c4 Nc3 20. Rd2 b5
21. Kb2 Na4+ 22. Bxa4 bxa4 23. Rb1 Rab8+ 24. Ka2 Rxb1 25. Kxb1 Rb8+ 26. Rb2 Rd8
27. Kc2 1-0

[Event "AUTO-OPEN-4635"]
[Site "http://www.queenalice.com/game.php?id=1868320"]
[Date "2026.1.21"]
[Round "1"]
[White "Castling"]
[Black "jbliborio"]
[Result "1-0"]
[WhiteElo "1773"]
[BlackElo "1180"]

1. e4 e5 2. Bc4 Bc5 3. Nf3 Nc6 4. a3 Nf6 5. d3 Nd4 6. Nxd4 Bxd4 7. h3 O-O 8. Bg5
d6 9. c3 Bc5 10. b4 Bb6 11. O-O h6 12. Bh4 g5 13. Bg3 Be6 14. Bxe6 fxe6 15. c4
1-0

[Event "AUTO-OPEN-4635"]
[Site "http://www.queenalice.com/game.php?id=1868321"]
[Date "2026.1.21"]
[Round "1"]
[White "jbliborio"]
[Black "Castling"]
[Result "0-1"]
[WhiteElo "1174"]
[BlackElo "1775"]

1. e4 e5 2. Nf3 d6 3. Bc4 h6 4. O-O Bg4 5. h3 Bh5 6. Nc3 a6 7. d3 Nc6 8. Be3 Nf6
9. b3 Qd7 10. d4 Nxd4 11. Nd5 Nxf3+ 12. gxf3 Nxe4 13. Kg2 b5 14. Bd3 Nf6 0-1

[Event "AUTO-ADV-4916"]
[Site "http://www.queenalice.com/game.php?id=1868699"]
[Date "2026.1.31"]
[Round "1"]
[White "Capixaba789"]
[Black "Castling"]
[Result "1-0"]
[WhiteElo "1959"]
[BlackElo "1734"]

1. d4 d5 2. Nc3 e6 3. f4 Bb4 4. Bd2 a6 5. Nf3 Nc6 6. e3 h6 7. Bd3 Nf6 8. O-O Qd6
9. Ne5 Nxe5 10. fxe5 Qd8 11. exf6 gxf6 12. Qf3 Be7 13. e4 dxe4 14. Qxe4 f5 15.
Qf3 Qxd4+ 16. Kh1 Bd7 17. Rad1 Bg5 18. Bxg5 hxg5 19. Bxf5 Qh4 20. Bh3 O-O-O 21.
Qxf7 Qh5 22. Qxh5 Rxh5 23. Rf7 Rxh3 24. Rfxd7 Rxd7 25. gxh3 Rxd1+ 26. Nxd1 Kd7
27. Kg2 Kd6 28. Kg3 Ke7 29. Kg4 Kf6 30. Nf2 c5 31. Ne4+ 1-0

[Event "AUTO-ADV-4916"]
[Site "http://www.queenalice.com/game.php?id=1868700"]
[Date "2026.1.31"]
[Round "1"]
[White "Castling"]
[Black "Capixaba789"]
[Result "0-1"]
[WhiteElo "1724"]
[BlackElo "1963"]

1. e4 e5 2. Bc4 Nc6 3. a3 Nf6 4. d3 Be7 5. h3 d6 6. Nf3 O-O 7. Nc3 Bd7 8. Be3
Nd4 9. Qd2 c5 10. Nd5 Nxd5 11. Bxd5 Kh8 12. O-O-O Rb8 13. Bxd4 cxd4 14. g4 b6
15. Nh2 Bg5 16. Qxg5 Qxg5+ 0-1

[Event "AUTO-ADV-4916"]
[Site "http://www.queenalice.com/game.php?id=1868713"]
[Date "2026.1.31"]
[Round "1"]
[White "Carlos19"]
[Black "Castling"]
[Result "1-0"]
[WhiteElo "1815"]
[BlackElo "1758"]

1. e4 e5 2. Bc4 Nf6 3. Nc3 a6 4. Nf3 d6 5. Ng5 Be6 6. Nxe6 fxe6 7. Bxe6 Qe7 8.
Bc4 Nc6 9. h3 Nd4 10. O-O O-O-O 11. a3 h6 12. Nd5 Qd7 13. Nxf6 gxf6 14. c3 Nc6
15. b4 b5 16. Bd5 Be7 17. f4 f5 18. fxe5 Nxe5 19. exf5 Kb8 20. d4 Nc4 21. f6 Bf8
22. f7 Nb6 23. Be4 Bg7 24. Qg4 Qxg4 25. hxg4 Rd7 26. Bg6 Rf8 27. g5 h5 28. Bxh5
Nd5 29. Bd2 Kb7 30. Rae1 Re7 31. g6 Kc8 32. Bg5 Rxe1 33. Rxe1 Kd7 34. Bg4+ Kc6
35. Re8 Nxc3 36. Be7 Bxd4+ 37. Kh1 Rh8+ 38. Rxh8 Bg7 39. f8=Q Bxf8 40. Bxf8 1-0

[Event "AUTO-ADV-4916"]
[Site "http://www.queenalice.com/game.php?id=1868714"]
[Date "2026.1.31"]
[Round "1"]
[White "Castling"]
[Black "Carlos19"]
[Result "1/2-1/2"]
[WhiteElo "1732"]
[BlackElo "1779"]

1. e4 e5 2. Bc4 Nf6 3. d3 Bc5 4. h3 d6 5. Nf3 Nc6 6. a3 h6 7. Nc3 O-O 8. Qe2 a6
9. Be3 Bxe3 10. Qxe3 b5 11. Bd5 Nxd5 12. Nxd5 Ne7 13. Nxe7+ Qxe7 14. O-O-O c5
15. c4 b4 16. a4 a5 17. b3 g5 18. g4 f6 19. Nd2 Qf7 20. f3 Qg6 21. h4 Be6 22. h5
Rfc8 23. Kc2 Qh7 24. Rhg1 Rf8 25. Nf1 Bd7 1/2-1/2

[Event "AUTO-ADV-4917"]
[Site "http://www.queenalice.com/game.php?id=1869013"]
[Date "2026.2.7"]
[Round "1"]
[White "SGF"]
[Black "Castling"]
[Result "0-1"]
[WhiteElo "1745"]
[BlackElo "1803"]

1. e4 e5 2. Qf3 Qf6 3. d3 Bb4+ 4. c3 Be7 5. Be2 Qxf3 6. Nxf3 d6 7. h4 h6 8. h5
Nc6 9. a4 Nf6 10. b4 Nd8 11. a5 Bg4 12. a6 b6 13. b5 Ne6 14. O-O Bxh5 15. Nh4
Bxe2 16. Re1 Bxd3 17. f3 Bxb5 18. Nf5 O-O 19. Nxe7+ Kh8 20. Kf2 Kh7 21. g4 Ng5
22. Bxg5 Rae8 23. Bxf6 gxf6 24. Nd5 Rc8 25. Nxf6+ Kg6 26. Nd5 Rfe8 27. Nd2 Bd7
28. Kg3 Kg5 29. Rh1 c6 30. Ne3 f6 31. Rh5+ Kg6 32. Rah1 Rh8 33. Ndc4 d5 34. Nd6
Rc7 35. Nef5 Bxf5 36. Nxf5 Rch7 37. exd5 cxd5 38. Kf2 b5 39. Ke3 Rc8 40. Nxh6
Rxc3+ 41. Ke2 b4 42. Ng8 Rxh5 43. gxh5+ Kf7 44. Nh6+ Kg7 45. Nf5+ Kf7 46. h6 Kg8
47. h7+ Kh8 48. Ne7 Rc2+ 49. Kf1 Rc1+ 50. Kg2 Rxh1 51. Kxh1 d4 52. Nf5 Kxh7 53.
Nd6 b3 54. Nc8 b2 55. Nxa7 b1=Q+ 56. Kg2 d3 57. Nc8 d2 58. a7 Qb7 59. Kf2 d1=Q
60. Kg3 Qg7+ 61. Kf2 Qgg1# 0-1

[Event "AUTO-ADV-4917"]
[Site "http://www.queenalice.com/game.php?id=1869014"]
[Date "2026.2.7"]
[Round "1"]
[White "Castling"]
[Black "SGF"]
[Result "1-0"]
[WhiteElo "1790"]
[BlackElo "1711"]

1. e4 e5 2. Bc4 Qf6 3. Qf3 Be7 4. Nc3 c6 5. d3 b5 6. Bb3 a5 7. a3 a4 8. Ba2 d6
9. Nh3 Bxh3 10. Qxh3 Nd7 11. Be3 h5 12. O-O g5 13. Qf3 Qxf3 14. gxf3 g4 15. f4
h4 16. f5 Ngf6 17. Ne2 h3 18. Ng3 c5 19. Bd5 Rb8 20. Rfc1 Nb6 21. Bc6+ Kd8 22.
Bxb5 d5 23. b4 d4 24. Bd2 Kc7 25. c3 dxc3 26. Bxc3 Nc8 27. Bxe5+ Nd6 28. Rxc5+
Kb6 29. Bxa4 Ra8 30. Rc6+ Kb7 31. Bxd6 Rxa4 32. Rc7+ Kb6 33. Rxe7 Rha8 34. Bc5+
Kb5 35. Rb7+ Kc6 36. Rb6+ Kc7 37. Rxf6 Rxa3 38. Rxf7+ Kc6 39. Rxa3 Rxa3 40. Rf6+
Kb5 41. Rb6+ Ka4 42. Ra6+ Kb3 43. Rxa3+ Kxa3 44. b5+ Ka4 45. b6 Kb5 46. Be3 Kc6
47. f6 Kb7 48. f7 Kb8 49. f8=Q+ Kb7 50. Nf5 Kc6 51. Ne7+ Kb5 52. Nc8 Kc6 53.
Qd6+ Kb7 54. Qc7+ Ka6 55. b7 g3 56. Qb6# 1-0